| Registos Bibliográficos associados ao registo de autoridade |
|
Etiqueta de registo: 00997ckm 2200265 450 001 887360 003 http://id.bnportugal.gov.pt/bib/catbnp/887360 005 20011013145500.0 095 ## $aPTBN01015432 100 ## $a19981022d1987 am y0pory0103 ba 101 0# $apor 102 ## $aPT 200 1# $aDia mundial do teatro, 87$bVisual gráfico]$forg. A.P.T.A. (Associação Portuguesa do Teatro de Amadores) e Grupo ArtªImagem$g[design] JRodrigues 210 #9 $aPorto$c[s.n.],$d1987$ePorto :$gMarca Artes Gráficas) 215 ## $a1 cartaz$ccolor.$d69x50 cm 675 ## $a792(469.121)"1987"(084.5)$vBN$zpor$3324645 675 ## $a766(=1:469)"198"(084.5)$vBN$zpor$31302430 702 #1 $91$aRodrigues,$bJ.$4410$3798490 710 02 $aAssociação Portuguesa do Teatro de Amadores$3289435 711 02 $aTeatro ArtªImagem$4070$31464926 801 #0 $aPT$bBN$gRPC 856 40 $uhttps://purl.pt/18642 856 41 $uhttps://purl.pt/18642/service/media/cover/low 958 ## $aBND$bInterno$cDigitalizado 966 ## $lBN$mICONOG$sCT. 7738 A.$x3
Etiqueta de registo: 00000nkm 2200025 450 001 2282320 003 http://id.bnportugal.gov.pt/bib/catbnp/2282320 100 ## $a20260320f1978 m y0pory01030103ba 101 0# $apor 102 ## $aPT 200 1# $aGrupo de teatro Hoje, Porta Fechada, huis clos, Jean Paul Sartre, encenação Jorge
Listopad, Teatro da Graça$bVisual gráfico]$fGrupo de Teatro Hoje$gJ. Rodrigues 210 #9 $a[S.l.]$cGrupo de Teatro Hoje,$d[1978?] 215 ## $a1 cartaz$ccolor.$d66,5x47,8 cm 306 ## $aDatação atribuída em conformidade com o evento anunciado 317 ## $aColeção Madeira Luís 702 #1 $91$aRodrigues,$bJ.$4410$3798490 710 02 $aGrupo Teatro Hoje$383274 801 #0 $aPT$bBN$gRPC 966 ## $lBN$mICONOG$sCT. 25443 A.$x3 971 ## $cCaticonografia2$d20260320 995 ## $aPRR2026
|
|
|